[Event "Yerevan Asrian Memorial 9th"]
[Site "Yerevan"]
[Date "2016.06.23"]
[Round "8"]
[White "Abrahamyan, Rashid"]
[Black "Hairapetian, Anna"]
[Result "0-1"]
[WhiteElo "1756"]
[BlackElo "2184"]
[PlyCount "46"]
[EventDate "2016.06.16"]
[EventType "swiss"]
[EventRounds "9"]
[EventCountry "ARM"]
[SourceTitle "CBM 173 Extra"]
[Source "ChessBase"]
[SourceDate "2016.08.29"]
[SourceVersion "1"]
[SourceVersionDate "2016.08.29"]
[SourceQuality "1"]

1. b3 e5 2. Bb2 d6 3. e3 Nf6 4. Nc3 Be7 5. Be2 0-0 6. Bf3 d5 7. d4 e4 8. Be2 c6 9. f4 exf3 10. Bxf3 Re8 11. Qd3 Ng4 12. Nd1 Bg5 13. Bc1 Na6 14. c3 Qd6 15. Bxg4 Bxg4 16. Nf3 Bxf3 17. gxf3 Bh4+ 18. Kf1 c5 19. a3 Rac8 20. Nf2 Qf6 21. Qe2 cxd4 22. cxd4 Bxf2 23. Qxf2 Nc5 0-1

[Event "Yerevan Asrian Memorial 8th"]
[Site "Yerevan"]
[Date "2015.06.21"]
[Round "6"]
[White "Hovhannisyan, Karen G"]
[Black "Hairapetian, Anna"]
[Result "1-0"]
[WhiteElo "2304"]
[BlackElo "2178"]
[PlyCount "97"]
[EventDate "2015.06.16"]
[EventType "swiss"]
[EventRounds "9"]
[EventCountry "ARM"]
[SourceTitle "CBM 167 Extra"]
[Source "ChessBase"]
[SourceDate "2015.09.14"]
[SourceVersion "1"]
[SourceVersionDate "2015.09.14"]
[SourceQuality "1"]

1. d4 d5 2. Nf3 Nf6 3. Bf4 e6 4. e3 Be7 5. h3 0-0 6. Bd3 c5 7. c3 Ne4 8. Nbd2 f5 9. Bxe4 fxe4 10. Ne5 cxd4 11. cxd4 b6 12. Qg4 Rf5 13. 0-0 Bd7 14. Rfc1 Be8 15. Qe2 Bd6 16. Nf1 Bxe5 17. Bxe5 Nc6 18. Ng3 Rf8 19. Qg4 Nxe5 20. dxe5 Bf7 21. Ne2 Qb8 22. Qg3 Rc8 23. Rxc8+ Qxc8 24. Rc1 Qd7 25. Qh4 h6 26. Nd4 Rc8 27. Rxc8+ Qxc8 28. Qe7 Qc1+ 29. Kh2 Qxb2 30. Qd8+ Kh7 31. Qf8 Bg6 32. Qf4 Bf5 33. Nxf5 g5 34. Qg4 Qxe5+ 35. Ng3 b5 36. Qe2 a6 37. Qd2 h5 38. Kg1 Qa1+ 39. Nf1 b4 40. Qxb4 Qxa2 41. Qe7+ Kg6 42. Qxe6+ Kg7 43. Ng3 Qa1+ 44. Kh2 a5 45. Nf5+ Kf8 46. Qe7+ Kg8 47. Qe8+ Kh7 48. Qf7+ Kh8 49. Ne7 1-0

[Event "EU-ch (Women) 16th"]
[Site "Chakvi"]
[Date "2015.05.29"]
[Round "10"]
[White "Hairapetian, Anna"]
[Black "Belenkaya, Dina"]
[Result "1-0"]
[WhiteElo "2192"]
[BlackElo "2235"]
[PlyCount "65"]
[EventDate "2015.05.19"]
[EventType "swiss"]
[EventRounds "11"]
[EventCountry "GEO"]
[SourceTitle "CBM 166 Extra"]
[Source "ChessBase"]
[SourceDate "2015.06.18"]
[SourceVersion "1"]
[SourceVersionDate "2015.06.18"]
[SourceQuality "1"]

1. e4 c6 2. d4 d5 3. exd5 cxd5 4. Bd3 Nc6 5. c3 Qc7 6. h3 Nf6 7. Nf3 g6 8. 0-0 Bf5 9. Bxf5 gxf5 10. Qd3 e6 11. Ne5 Bd6 12. Bf4 Nh5 13. Bh2 f6 14. Qe2 Ng7 15. Nf3 f4 16. c4 0-0-0 17. cxd5 exd5 18. Nc3 Qf7 19. Rfc1 Rhg8 20. Qd3 Qh5 21. Nb5 Bb8 22. Nxa7+ Bxa7 23. Rxc6+ bxc6 24. Qa6+ Kd7 25. Qxa7+ Ke6 26. Bxf4 Ne8 27. Re1+ Kf5 28. Qe7 Kxf4 29. Qe3+ Kf5 30. Qe6+ Kf4 31. Qxg8 Qg6 32. g3+ Kxf3 33. Re3# 1-0

[Event "EU-ch (Women) 16th"]
[Site "Chakvi"]
[Date "2015.05.23"]
[Round "5"]
[White "Hairapetian, Anna"]
[Black "Gavasheli, Ana"]
[Result "1/2-1/2"]
[WhiteElo "2192"]
[BlackElo "2122"]
[PlyCount "75"]
[EventDate "2015.05.19"]
[EventType "swiss"]
[EventRounds "11"]
[EventCountry "GEO"]
[SourceTitle "CBM 166 Extra"]
[Source "ChessBase"]
[SourceDate "2015.06.18"]
[SourceVersion "1"]
[SourceVersionDate "2015.06.18"]
[SourceQuality "1"]

1. e4 e5 2. Nf3 Nc6 3. Bb5 Nf6 4. 0-0 Nxe4 5. d4 Nd6 6. Bxc6 dxc6 7. dxe5 Nf5 8. Qxd8+ Kxd8 9. Rd1+ Ke8 10. Nc3 Be7 11. Bf4 h6 12. h3 Be6 13. Ne4 Rd8 14. b3 Rxd1+ 15. Rxd1 Bd5 16. Ned2 Bb4 17. g4 Bxd2 18. Rxd2 Bxf3 19. gxf5 Ke7 20. Bg3 g5 21. e6 fxe6 22. Be5 Rf8 23. f6+ Ke8 24. Kh2 Rf7 25. Kg3 Bh5 26. f4 Rd7 27. Rxd7 Kxd7 28. Bd4 a6 29. c4 Ke8 30. Be3 Kf7 31. fxg5 hxg5 32. Bxg5 e5 33. Kf2 Ke6 34. Ke3 Bg6 35. b4 Bh5 36. a3 Bf7 37. Ke4 Bg6+ 38. Ke3 1/2-1/2

[Event "EU-ch (Women) 16th"]
[Site "Chakvi"]
[Date "2015.05.22"]
[Round "4"]
[White "Atalik, Ekaterina"]
[Black "Hairapetian, Anna"]
[Result "1-0"]
[WhiteElo "2392"]
[BlackElo "2192"]
[PlyCount "97"]
[EventDate "2015.05.19"]
[EventType "swiss"]
[EventRounds "11"]
[EventCountry "GEO"]
[SourceTitle "CBM 166 Extra"]
[Source "ChessBase"]
[SourceDate "2015.06.18"]
[SourceVersion "1"]
[SourceVersionDate "2015.06.18"]
[SourceQuality "1"]

1. d4 d5 2. c4 e6 3. Nc3 Nf6 4. Nf3 Be7 5. Qc2 0-0 6. cxd5 Nxd5 7. e4 Nxc3 8. bxc3 c5 9. Be2 cxd4 10. cxd4 b6 11. 0-0 Bb7 12. Be3 Nc6 13. Rad1 Rc8 14. Qb1 Na5 15. d5 exd5 16. exd5 Qd6 17. Qe4 f5 18. Qe6+ Qxe6 19. dxe6 Rf6 20. Rd7 Rxe6 21. Nd4 Rg6 22. g3 Bf8 23. Nxf5 Rf6 24. Bg4 h5 25. Bh3 Rc2 26. Nd4 Rc3 27. Nb5 Rc2 28. Nd4 Rc3 29. Nb5 Rc2 30. Nxa7 Ba6 31. Re1 Bc5 32. Bxc5 bxc5 33. f4 Bc4 34. Nc8 Kh7 35. Nd6 Re2 36. Rxe2 Bxe2 37. Bf5+ Rxf5 38. Nxf5 Kg6 39. Ne3 Bf3 40. Rc7 Nc6 41. Kf2 Be4 42. Nc4 Kf6 43. Ne5 Nb4 44. a3 Nd5 45. Rxc5 g5 46. Nc4 gxf4 47. Nd2 fxg3+ 48. hxg3 Bh1 49. Rc1 1-0

[Event "EU-ch (Women) 16th"]
[Site "Chakvi"]
[Date "2015.05.21"]
[Round "3"]
[White "Hairapetian, Anna"]
[Black "Osmanodja, Filiz"]
[Result "0-1"]
[WhiteElo "2192"]
[BlackElo "2352"]
[PlyCount "102"]
[EventDate "2015.05.19"]
[EventType "swiss"]
[EventRounds "11"]
[EventCountry "GEO"]
[SourceTitle "CBM 166 Extra"]
[Source "ChessBase"]
[SourceDate "2015.06.18"]
[SourceVersion "1"]
[SourceVersionDate "2015.06.18"]
[SourceQuality "1"]

1. e4 e5 2. Nf3 Nc6 3. Bb5 a6 4. Ba4 Nf6 5. 0-0 b5 6. Bb3 Be7 7. Re1 d6 8. c3 0-0 9. h3 Nb8 10. d4 Nbd7 11. Nbd2 Bb7 12. Bc2 Re8 13. Nf1 Bf8 14. Ng3 g6 15. a4 Bg7 16. Bd3 c6 17. b4 Nb6 18. a5 Nbd7 19. Bb2 Qc7 20. Qc2 Rac8 21. dxe5 Nxe5 22. Nxe5 dxe5 23. c4 Qe7 24. c5 Rc7 25. Rad1 h5 26. Nf1 Nh7 27. Qc3 Qh4 28. Nh2 Ng5 29. Bc2 Qf4 30. Rd6 Ne6 31. g3 Qg5 32. Nf3 Qe7 33. Bb3 Nf8 34. Red1 Kh8 35. Qd2 f6 36. g4 Bc8 37. Kg2 Kh7 38. g5 Ne6 39. Bxe6 Bxe6 40. gxf6 Bxf6 41. Kh2 g5 42. Bc1 Qf8 43. Rf1 Rg7 44. Rxc6 g4 45. hxg4 hxg4 46. Ne1 Bg5 47. Qd1 Bxc1 48. Qxc1 g3+ 49. Kg2 gxf2+ 50. Kh2 Qf6 51. Ng2 Rxg2+ 0-1

[Event "EU-ch (Women) 16th"]
[Site "Chakvi"]
[Date "2015.05.19"]
[Round "1"]
[White "Hairapetian, Anna"]
[Black "Kashlinskaya, Alina"]
[Result "0-1"]
[WhiteElo "2192"]
[BlackElo "2423"]
[PlyCount "72"]
[EventDate "2015.05.19"]
[EventType "swiss"]
[EventRounds "11"]
[EventCountry "GEO"]
[SourceTitle "CBM 166 Extra"]
[Source "ChessBase"]
[SourceDate "2015.06.18"]
[SourceVersion "1"]
[SourceVersionDate "2015.06.18"]
[SourceQuality "1"]

1. d4 Nf6 2. Nf3 e6 3. e3 c5 4. b3 Be7 5. Bb2 0-0 6. Bd3 b6 7. Nbd2 Bb7 8. 0-0 Nc6 9. a3 h6 10. Qe2 Qc7 11. c4 d6 12. Rac1 Rfe8 13. e4 cxd4 14. Nxd4 Nxd4 15. Bxd4 Nd7 16. Bb1 Bf6 17. Nf3 Rac8 18. Rfd1 b5 19. Qd2 bxc4 20. Rxc4 Qb8 21. Bxf6 Nxf6 22. Rdc1 Nxe4 23. Bxe4 Rxc4 24. Rxc4 d5 25. Bxd5 Bxd5 26. Rb4 Qc7 27. Nd4 Rd8 28. Nb5 Qa5 29. h3 Bxg2 30. Qe3 Ba8 31. Qxa7 Rd1+ 32. Kh2 Rh1+ 33. Kg3 Qd8 34. f3 Qg5+ 35. Rg4 Qe5+ 36. Kf2 Qe1+ 0-1

[Event "EU-ch 15th"]
[Site "Yerevan"]
[Date "2014.03.05"]
[Round "3"]
[White "Ali Marandi, Cemil Can"]
[Black "Hairapetian, Anna"]
[Result "1-0"]
[WhiteElo "2380"]
[BlackElo "2188"]
[PlyCount "95"]
[EventDate "2014.03.03"]
[EventType "swiss"]
[EventRounds "11"]
[EventCountry "ARM"]
[SourceTitle "CBM 160"]
[Source "ChessBase"]
[SourceDate "2014.05.15"]
[SourceVersion "1"]
[SourceVersionDate "2014.05.15"]
[SourceQuality "1"]

1. e4 e5 2. Nf3 Nc6 3. Bb5 a6 4. Ba4 Nf6 5. 0-0 b5 6. Bb3 Bc5 7. c3 d6 8. d4 Bb6 9. h3 Bb7 10. Re1 h6 11. Be3 exd4 12. cxd4 Na5 13. Bc2 0-0 14. Nbd2 Re8 15. d5 Bxe3 16. Rxe3 c6 17. b4 Nc4 18. Nxc4 bxc4 19. dxc6 Bxc6 20. Qd4 Qc8 21. Rae1 a5 22. Qxd6 Qb7 23. e5 Re6 24. Qc5 Nd5 25. Nd4 Nxe3 26. Rxe3 axb4 27. Nxe6 fxe6 28. Qxc4 Bd5 29. Qd3 Ra3 30. Qh7+ Kf8 31. Bg6 Qc6 32. Qh8+ Ke7 33. Qxg7+ Kd8 34. Qf8+ Kc7 35. Qxb4 Rxe3 36. fxe3 Bxg2 37. Qd6+ Kb7 38. Qxc6+ Bxc6 39. Kf2 Bd5 40. Kg3 Bxa2 41. Kh4 Kc6 42. Be4+ Bd5 43. Bxd5+ Kxd5 44. Kh5 Kxe5 45. Kxh6 Kf5 46. h4 e5 47. h5 Kf6 48. e4 1-0

[Event "EU-ch 15th"]
[Site "Yerevan"]
[Date "2014.03.03"]
[Round "1"]
[White "Bok, Benjamin"]
[Black "Hairapetian, Anna"]
[Result "1/2-1/2"]
[WhiteElo "2575"]
[BlackElo "2188"]
[PlyCount "74"]
[EventDate "2014.03.03"]
[EventType "swiss"]
[EventRounds "11"]
[EventCountry "ARM"]
[SourceTitle "CBM 160"]
[Source "ChessBase"]
[SourceDate "2014.05.15"]
[SourceVersion "1"]
[SourceVersionDate "2014.05.15"]
[SourceQuality "1"]

1. e4 c5 2. Nf3 Nc6 3. Bb5 g6 4. Bxc6 dxc6 5. d3 Bg7 6. h3 Nf6 7. Nc3 0-0 8. Be3 b6 9. Qd2 e5 10. Bh6 Qd6 11. Nh2 Rd8 12. Bxg7 Kxg7 13. 0-0-0 a5 14. f3 a4 15. Ng4 Nh5 16. Ne2 Bxg4 17. hxg4 Nf4 18. Nxf4 exf4 19. a3 b5 20. g3 fxg3 21. Qh6+ Kg8 22. Qxh7+ Kf8 23. Qh6+ Ke7 24. Qg5+ Kd7 25. Rh7 Rf8 26. e5 Qe6 27. Qe3 Rh8 28. Rxh8 Rxh8 29. Qxc5 Rh2 30. Rg1 Qa2 31. Qd6+ Ke8 32. Qb8+ Ke7 33. Qd6+ Ke8 34. Qb8+ Ke7 35. Qd6+ Ke8 36. Qb8+ Ke7 37. Qd6+ Ke8 1/2-1/2

[Event "Chigorin Memorial 21st"]
[Site "St Petersburg"]
[Date "2013.10.13"]
[Round "9"]
[White "Vavulin, Maksim"]
[Black "Hairapetian, Anna"]
[Result "1/2-1/2"]
[WhiteElo "2377"]
[BlackElo "2227"]
[PlyCount "87"]
[EventDate "2013.10.05"]
[EventType "swiss"]
[EventRounds "9"]
[EventCountry "RUS"]
[SourceTitle "CBM 156 Extra"]
[Source "ChessBase"]
[SourceDate "2013.10.22"]
[SourceVersion "1"]
[SourceVersionDate "2013.10.22"]
[SourceQuality "1"]

1. e4 c5 2. Nf3 Nc6 3. Nc3 Nf6 4. d4 cxd4 5. Nxd4 e5 6. Ndb5 d6 7. Bg5 a6 8. Na3 b5 9. Bxf6 gxf6 10. Nd5 Be6 11. c3 Bg7 12. Nc2 0-0 13. Nce3 Ne7 14. Bd3 Bxd5 15. exd5 f5 16. Bxf5 Nxf5 17. Nxf5 Qg5 18. Qf3 e4 19. Qh3 b4 20. 0-0 bxc3 21. bxc3 Rac8 22. Rac1 Be5 23. c4 Rc5 24. Rc2 Rfc8 25. f4 exf3 26. Rxf3 h5 27. Ne3 Rb8 28. Rf5 Qg6 29. Qh4 Bg7 30. Rg5 Qd3 31. Qg3 Rb1+ 32. Kf2 Qd4 33. Rxh5 Ra5 34. Rh4 Qd3 35. Rg4 Rf1+ 36. Nxf1 Qxc2+ 37. Kg1 Qb2 38. Re4 Rxa2 39. Re8+ Kh7 40. Qd3+ Kh6 41. Qh3+ Kg6 42. g4 Bh6 43. Qg3 Bf4 44. Qh3 1/2-1/2

[Event "Chigorin Memorial 21st"]
[Site "St Petersburg"]
[Date "2013.10.10"]
[Round "6"]
[White "Demianjuk, Alexander"]
[Black "Hairapetian, Anna"]
[Result "1-0"]
[WhiteElo "2355"]
[BlackElo "2227"]
[PlyCount "59"]
[EventDate "2013.10.05"]
[EventType "swiss"]
[EventRounds "9"]
[EventCountry "RUS"]
[SourceTitle "CBM 156 Extra"]
[Source "ChessBase"]
[SourceDate "2013.10.22"]
[SourceVersion "1"]
[SourceVersionDate "2013.10.22"]
[SourceQuality "1"]

1. d4 Nf6 2. c4 g6 3. Nc3 Bg7 4. e4 d6 5. Nf3 0-0 6. h3 c5 7. d5 e5 8. Be2 Na6 9. 0-0 Nc7 10. a3 Nh5 11. Re1 Bh8 12. Kh2 a6 13. b4 b6 14. Rb1 Ne8 15. Na4 Ra7 16. Bg5 f6 17. Be3 f5 18. bxc5 bxc5 19. Nb6 f4 20. Bd2 h6 21. Nxc8 Qxc8 22. Nh4 Nhf6 23. Nxg6 Rff7 24. Nh4 Nxe4 25. Bg4 Qd8 26. Rxe4 Qxh4 27. Rb8 Rf8 28. Bxf4 Nf6 29. Bg3 Rxb8 30. Be6+ 1-0

[Event "EU-ch (Women) 14th"]
[Site "Belgrade"]
[Date "2013.08.03"]
[Round "11"]
[White "Videnova, Iva"]
[Black "Hairapetian, Anna"]
[Result "0-1"]
[WhiteElo "2301"]
[BlackElo "2214"]
[PlyCount "64"]
[EventDate "2013.07.23"]
[EventType "swiss"]
[EventRounds "11"]
[EventCountry "SRB"]
[SourceTitle "CBM 155 Extra"]
[Source "ChessBase"]
[SourceDate "2013.08.26"]
[SourceVersion "1"]
[SourceVersionDate "2013.08.26"]
[SourceQuality "1"]

1. e4 c5 2. Nf3 d6 3. d4 cxd4 4. Nxd4 Nf6 5. Nc3 g6 6. Be3 Bg7 7. f3 Nc6 8. Qd2 0-0 9. Bc4 Bd7 10. Bb3 Rc8 11. h4 h5 12. 0-0-0 Ne5 13. Kb1 Re8 14. g4 hxg4 15. h5 Nxh5 16. Rdg1 Qa5 17. Bh6 Bf6 18. fxg4 Nxg4 19. Qd1 Rxc3 20. Bd2 Bxd4 21. Bxc3 Bxc3 22. Rxg4 Bxg4 23. Qxg4 e6 24. bxc3 Qe5 25. Qf3 Rc8 26. c4 Kg7 27. Rf1 Nf6 28. Rf2 Rh8 29. Re2 Rh4 30. c3 Rxe4 31. Rd2 Re1+ 32. Kb2 Re3 0-1

[Event "EU-ch (Women) 14th"]
[Site "Belgrade"]
[Date "2013.07.31"]
[Round "8"]
[White "Movsesian, Julia"]
[Black "Hairapetian, Anna"]
[Result "1-0"]
[WhiteElo "2328"]
[BlackElo "2214"]
[PlyCount "101"]
[EventDate "2013.07.23"]
[EventType "swiss"]
[EventRounds "11"]
[EventCountry "SRB"]
[SourceTitle "CBM 155 Extra"]
[Source "ChessBase"]
[SourceDate "2013.08.26"]
[SourceVersion "1"]
[SourceVersionDate "2013.08.26"]
[SourceQuality "1"]

1. e4 c5 2. Nf3 Nc6 3. Nc3 Nf6 4. Bb5 Qc7 5. 0-0 Nd4 6. Bd3 Ng4 7. g3 Nxf3+ 8. Qxf3 Ne5 9. Qe3 Nxd3 10. cxd3 e6 11. b3 Be7 12. Bb2 Bf6 13. Rac1 b6 14. Nb5 Qc6 15. Bxf6 gxf6 16. Nc3 Qd6 17. Qf3 Qe5 18. Rfe1 0-0 19. Nd1 Bb7 20. Ne3 Qg5 21. h4 Qg7 22. Qf4 f5 23. exf5 e5 24. Qc4 Qf6 25. b4 Qc6 26. Kh2 d5 27. Qg4+ Kh8 28. Qf3 f6 29. bxc5 bxc5 30. d4 exd4 31. Ng4 Rae8 32. Qa3 c4 33. Re6 Qc8 34. Rce1 Kg7 35. Qxa7 Rxe6 36. Rxe6 h5 37. Qxd4 Qd8 38. Ne3 Re8 39. a4 Kf7 40. Rb6 Ba8 41. Qc5 Qd7 42. Rd6 Qb7 43. Nxd5 Kg7 44. Qc7+ Qxc7 45. Nxc7 Rc8 46. Ne6+ Kf7 47. Rd7+ Ke8 48. Rc7 Rb8 49. Rg7 Rc8 50. Rc7 Rb8 51. Rh7 1-0

[Event "EU-ch (Women) 14th"]
[Site "Belgrade"]
[Date "2013.07.23"]
[Round "1"]
[White "Hairapetian, Anna"]
[Black "Stefanova, Antoaneta"]
[Result "0-1"]
[WhiteElo "2214"]
[BlackElo "2497"]
[PlyCount "64"]
[EventDate "2013.07.23"]
[EventType "swiss"]
[EventRounds "11"]
[EventCountry "SRB"]
[SourceTitle "CBM 155 Extra"]
[Source "ChessBase"]
[SourceDate "2013.08.26"]
[SourceVersion "1"]
[SourceVersionDate "2013.08.26"]
[SourceQuality "1"]

1. e4 e5 2. Nf3 Nc6 3. Bb5 Nge7 4. 0-0 g6 5. c3 a6 6. Ba4 Bg7 7. d4 exd4 8. cxd4 b5 9. Bb3 0-0 10. Nc3 d6 11. h3 Na5 12. Bc2 Bb7 13. Bg5 h6 14. Bh4 Qd7 15. Re1 g5 16. Bg3 f5 17. exf5 Nxf5 18. Ne4 Rae8 19. Bh2 Bd5 20. Qd3 Bc4 21. Qc3 Nc6 22. Bb3 Nfxd4 23. Bxc4+ bxc4 24. Qxc4+ d5 25. Nc5 Nxf3+ 26. gxf3 Qf7 27. Qxa6 Rxe1+ 28. Rxe1 Nd4 29. Re3 Nxf3+ 30. Rxf3 Qxf3 31. Qe6+ Kh7 32. Bg3 Bd4 0-1

[Event "Chigorin Memorial 20th"]
[Site "St Petersburg"]
[Date "2012.10.30"]
[Round "4"]
[White "Hairapetian, Anna"]
[Black "Maksimov, Dmitri"]
[Result "1-0"]
[WhiteElo "2185"]
[BlackElo "1982"]
[PlyCount "107"]
[EventDate "2012.10.27"]
[EventType "swiss"]
[EventRounds "9"]
[EventCountry "RUS"]
[SourceTitle "EXT 2013"]
[Source "ChessBase"]
[SourceDate "2012.11.22"]
[SourceVersion "1"]
[SourceVersionDate "2012.11.22"]
[SourceQuality "1"]

1. e4 c5 2. Nf3 e6 3. d4 cxd4 4. Nxd4 Nc6 5. Nc3 Qc7 6. Be2 Nf6 7. 0-0 a6 8. Be3 Bb4 9. Nxc6 bxc6 10. Na4 d5 11. Nb6 Rb8 12. Nxc8 Qxc8 13. exd5 cxd5 14. c3 Be7 15. Qa4+ Qd7 16. Qxa6 Rxb2 17. Rab1 Rxb1 18. Rxb1 0-0 19. Rb7 Qd8 20. a4 Ne4 21. Qc6 Bf6 22. Bb6 Qa8 23. a5 Nxc3 24. Bf1 h6 25. Qd7 Na4 26. a6 Nxb6 27. Rxb6 Bd4 28. Rb7 Qc8 29. Qa4 Qc5 30. Qa2 Ra8 31. g3 h5 32. h4 g6 33. Kg2 Kg7 34. Bd3 Qc3 35. Qe2 e5 36. Qf3 Rf8 37. Qd1 e4 38. Be2 Rd8 39. Rb3 Qa1 40. Rb1 Qc3 41. Rb3 Qa1 42. Qd2 Bf6 43. Rb7 Qd4 44. Qa5 e3 45. Qc7 Rf8 46. a7 Be5 47. Qe7 Qe4+ 48. Bf3 Qf5 49. Qxf8+ Kxf8 50. a8Q+ Kg7 51. Qa2 exf2 52. Qxf2 Qd3 53. Rxf7+ Kxf7 54. Be4+ 1-0

[Event "EU-ch (Women) 13th"]
[Site "Gaziantep"]
[Date "2012.03.12"]
[Round "10"]
[White "Hairapetian, Anna"]
[Black "Kaya, Emel"]
[Result "1-0"]
[WhiteElo "2227"]
[BlackElo "1997"]
[PlyCount "129"]
[EventDate "2012.03.02"]
[EventType "swiss"]
[EventRounds "11"]
[EventCountry "TUR"]
[SourceTitle "CBM 147 Extra"]
[Source "ChessBase"]
[SourceDate "2012.04.24"]
[SourceVersion "1"]
[SourceVersionDate "2012.04.24"]
[SourceQuality "1"]

1. e4 e5 2. Nf3 Nc6 3. Bb5 a6 4. Bxc6 dxc6 5. 0-0 f6 6. d4 exd4 7. Nxd4 c5 8. Nb3 Qxd1 9. Rxd1 Bd6 10. Be3 b6 11. N1d2 Be6 12. f4 Ne7 13. Nf3 Nc6 14. Re1 0-0-0 15. c3 Rhe8 16. Nbd2 a5 17. a4 Bf7 18. g3 Bh5 19. Kg2 h6 20. Nh4 g5 21. Nf5 Bg6 22. Nxh6 gxf4 23. gxf4 Rh8 24. Ng4 Rdg8 25. h3 f5 26. Nf6 Rg7 27. Kh2 fxe4 28. Rg1 Be7 29. Nfxe4 Bf8 30. Ng5 Ne7 31. Nde4 Nd5 32. Bd2 Bxe4 33. Nxe4 Rgh7 34. Ng5 Rh4 35. Raf1 Bd6 36. Kg3 R4h5 37. Kh2 Rh4 38. Kg3 R4h5 39. Kf3 Be7 40. Ke4 Nf6+ 41. Kd3 Nd7 42. Kc2 c4 43. Rf3 Rg8 44. Re1 Bd6 45. Re4 Rf8 46. f5 Ne5 47. Rf1 Nf7 48. h4 Bg3 49. Nxf7 Rxf7 50. Bg5 Rh8 51. Rf3 Bd6 52. f6 Kd7 53. Rfe3 Bf8 54. Re8 Rh5 55. Rb8 Bd6 56. Ree8 Rhh7 57. Rbd8+ Kc6 58. Re4 Kd5 59. Re7 Kc6 60. Rxf7 Rxf7 61. h5 Kd5 62. Re8 Be5 63. h6 Ke4 64. Rf8 Rxf8 65. h7 1-0

[Event "EU-ch (Women) 13th"]
[Site "Gaziantep"]
[Date "2012.03.10"]
[Round "8"]
[White "Hairapetian, Anna"]
[Black "Kashlinskaya, Alina"]
[Result "0-1"]
[WhiteElo "2227"]
[BlackElo "2377"]
[PlyCount "88"]
[EventDate "2012.03.02"]
[EventType "swiss"]
[EventRounds "11"]
[EventCountry "TUR"]
[SourceTitle "CBM 147 Extra"]
[Source "ChessBase"]
[SourceDate "2012.04.24"]
[SourceVersion "1"]
[SourceVersionDate "2012.04.24"]
[SourceQuality "1"]

1. e4 c5 2. Nf3 d6 3. d4 cxd4 4. Nxd4 Nf6 5. Nc3 Nc6 6. Bg5 e6 7. Qd2 a6 8. 0-0-0 Bd7 9. f4 b5 10. Bxf6 gxf6 11. Kb1 b4 12. Nce2 Qb6 13. h4 a5 14. Rh3 a4 15. Re3 Na5 16. Ng3 Qc5 17. Be2 h5 18. b3 Bg7 19. Rd3 Nb7 20. Bf3 Qa5 21. e5 d5 22. Ndf5 axb3 23. cxb3 Nc5 24. Nxg7+ Kf8 25. Re3 Kxg7 26. exf6+ Kf8 27. Qb2 Bb5 28. Be2 Bxe2 29. Nxe2 Ne4 30. Rc1 Rg8 31. g3 Nxf6 32. f5 Ng4 33. Rd3 e5 34. Qc2 Kg7 35. Qd2 d4 36. Rc6 f6 37. Nc1 Rgc8 38. Qc2 Qd8 39. Qc5 Qd7 40. Rxc8 Rxc8 41. Qxb4 Qxf5 42. Kb2 Ne3 43. Rd2 Rc2+ 44. Ka3 Qd7 0-1

[Event "EU-ch (Women) 13th"]
[Site "Gaziantep"]
[Date "2012.03.07"]
[Round "6"]
[White "Hairapetian, Anna"]
[Black "De Seroux, Camille"]
[Result "1-0"]
[WhiteElo "2227"]
[BlackElo "2122"]
[PlyCount "63"]
[EventDate "2012.03.02"]
[EventType "swiss"]
[EventRounds "11"]
[EventCountry "TUR"]
[SourceTitle "CBM 147 Extra"]
[Source "ChessBase"]
[SourceDate "2012.04.24"]
[SourceVersion "1"]
[SourceVersionDate "2012.04.24"]
[SourceQuality "1"]

1. e4 c5 2. Nc3 d6 3. g3 Nc6 4. Bg2 g6 5. d3 Bg7 6. f4 Nf6 7. Nf3 Rb8 8. Be3 b5 9. Qd2 Bd7 10. h3 Qc7 11. 0-0 h6 12. Rae1 b4 13. Nd1 0-0 14. g4 Qa5 15. f5 g5 16. h4 Nxg4 17. hxg5 h5 18. Nh4 Be5 19. Bf4 Bd4+ 20. Kh1 Qxa2 21. Bh3 Be5 22. Bxg4 hxg4 23. Bxe5 Nxe5 24. f6 Qe6 25. Nf5 Nf3 26. Rxf3 gxf3 27. Qh2 exf6 28. Qh6 Qxf5 29. exf5 Rfe8 30. Rg1 f2 31. Nxf2 Bc6+ 32. Kh2 1-0

[Event "EU-ch (Women) 13th"]
[Site "Gaziantep"]
[Date "2012.03.06"]
[Round "5"]
[White "Rapport, Jovana"]
[Black "Hairapetian, Anna"]
[Result "1-0"]
[WhiteElo "2356"]
[BlackElo "2227"]
[PlyCount "101"]
[EventDate "2012.03.02"]
[EventType "swiss"]
[EventRounds "11"]
[EventCountry "TUR"]
[SourceTitle "CBM 147 Extra"]
[Source "ChessBase"]
[SourceDate "2012.04.24"]
[SourceVersion "1"]
[SourceVersionDate "2012.04.24"]
[SourceQuality "1"]

1. d4 Nf6 2. c4 g6 3. Nc3 Bg7 4. e4 d6 5. Nf3 0-0 6. Be2 e5 7. 0-0 Nc6 8. d5 Ne7 9. Kh1 Ne8 10. Ng1 f5 11. f4 c5 12. Nh3 h6 13. Bd2 a6 14. a4 Rb8 15. Ra3 Bd7 16. a5 b5 17. axb6 Qxb6 18. Bc1 fxe4 19. fxe5 Rxf1+ 20. Bxf1 dxe5 21. Nxe4 Bf5 22. Nhf2 Nd6 23. Nxd6 Qxd6 24. g4 Bd7 25. Ne4 Qb6 26. Be2 g5 27. Qg1 Rc8 28. Qe1 Qg6 29. Bd1 Kh8 30. Kg1 Ng8 31. h3 Nf6 32. Nxf6 Qxf6 33. Qe4 h5 34. Bc2 Kg8 35. gxh5 Rf8 36. Qh7+ Kf7 37. Qg6+ Kg8 38. Qxf6 Bxf6 39. Kg2 Be8 40. h6 Bh5 41. Rg3 Kh8 42. Bxg5 Bxg5 43. Rxg5 Bf3+ 44. Kg3 Be2 45. Rxe5 Bxc4 46. d6 Rd8 47. Rxc5 Bg8 48. Rc6 a5 49. Bf5 a4 50. Rc8 a3 51. Rxd8 1-0

[Event "Universiad (Women) 26th"]
[Site "Shenzhen"]
[Date "2011.08.18"]
[Round "5"]
[White "Ambartsumova, Karina"]
[Black "Hairapetian, Anna"]
[Result "1-0"]
[WhiteElo "2303"]
[BlackElo "2177"]
[PlyCount "55"]
[EventDate "2011.08.15"]
[EventType "swiss"]
[EventRounds "9"]
[EventCountry "CHN"]
[SourceTitle "CBM 143 Extra"]
[Source "ChessBase"]
[SourceDate "2011.08.29"]
[SourceVersion "1"]
[SourceVersionDate "2011.08.29"]
[SourceQuality "1"]

1. e4 c5 2. Nf3 d6 3. d4 cxd4 4. Nxd4 Nf6 5. Nc3 a6 6. Bc4 e6 7. Bb3 Nc6 8. Be3 Be7 9. Qe2 Qc7 10. 0-0-0 b5 11. f4 Bb7 12. Nf3 0-0 13. f5 Na5 14. fxe6 Nxb3+ 15. axb3 fxe6 16. Nd4 Rfc8 17. Nxe6 Qa5 18. Kb1 Rxc3 19. bxc3 Bxe4 20. Kb2 Rc8 21. b4 Qa4 22. Ra1 Nd5 23. Bd4 Nxc3 24. Bxc3 Bf6 25. Rxa4 Rxc3 26. Kc1 Bd5 27. Rxa6 Be5 28. Qxb5 1-0

[Event "Universiad (Women) 26th"]
[Site "Shenzhen"]
[Date "2011.08.18"]
[Round "6"]
[White "Hairapetian, Anna"]
[Black "Rothebarth, Ana Vitoria de Paul"]
[Result "1/2-1/2"]
[WhiteElo "2177"]
[BlackElo "2062"]
[PlyCount "79"]
[EventDate "2011.08.15"]
[EventType "swiss"]
[EventRounds "9"]
[EventCountry "CHN"]
[SourceTitle "CBM 143 Extra"]
[Source "ChessBase"]
[SourceDate "2011.08.29"]
[SourceVersion "1"]
[SourceVersionDate "2011.08.29"]
[SourceQuality "1"]

1. e4 e5 2. Nf3 Nc6 3. Bb5 a6 4. Ba4 Nf6 5. 0-0 Be7 6. Re1 b5 7. Bb3 d6 8. h3 0-0 9. c3 Na5 10. Bc2 d5 11. exd5 e4 12. Ne5 Qxd5 13. d4 exd3 14. Qxd3 Qxd3 15. Bxd3 Bd6 16. Bf4 Bb7 17. Na3 Rad8 18. Rad1 Rfe8 19. Bg3 Nh5 20. Bh2 Nf6 21. Nc2 c5 22. f4 Nc6 23. c4 b4 24. Ne3 Nd4 25. Nf5 Nxf5 26. Bxf5 g6 27. Bc2 Kg7 28. Ba4 Re6 29. Re2 Bc7 30. Rxd8 Bxd8 31. Rd2 Be7 32. Kf1 Rd6 33. Rxd6 Bxd6 34. Bg1 Be4 35. Be3 Kf8 36. Kf2 h5 37. g3 Bf5 38. Kg2 Be4+ 39. Kf2 Bf5 40. Kg2 1/2-1/2